[Event "2025 National K-12 Grade Championship"]
[Site "Spokane, WI USA, United States"]
[Date "2025.12.13"]
[Round "4.30"]
[White "Salem, Samir P"]
[Black "Lai, Ryan"]
[Result "1-0"]
[TimeControl "G/90; d10"]
[WhiteFideId "39995267"]
[BlackFideId "39971112"]
[WhiteElo "1600"]
[BlackElo "1272"]

1. e4 {[%clk 01:30:00]} {[%emt 00:00:08]} c5 {[%clk 01:30:00]} {[%emt
00:00:04]} 2. c3 {[%clk 01:30:00]} {[%emt 00:00:11]} d6 {[%clk 01:30:00]}
{[%emt 00:00:04]} 3. d4 {[%clk 01:30:00]} {[%emt 00:00:02]} cxd4 {[%clk
01:30:00]} {[%emt 00:00:03]} 4. cxd4 {[%clk 01:30:00]} {[%emt 00:00:09]} Nf6
{[%clk 01:30:00]} {[%emt 00:00:04]} 5. Nc3 {[%clk 01:29:57]} {[%emt 00:00:13]}
g6 {[%clk 01:30:00]} {[%emt 00:00:08]} 6. Nf3 {[%clk 01:29:53]} {[%emt
00:00:14]} Bg7 {[%clk 01:30:00]} {[%emt 00:00:05]} 7. Be2 {[%clk 01:29:51]}
{[%emt 00:00:12]} O-O {[%clk 01:30:00]} {[%emt 00:00:09]} 8. O-O {[%clk
01:29:51]} {[%emt 00:00:07]} b6 {[%clk 01:28:38]} {[%emt 00:01:32]} 9. Re1
{[%clk 01:28:44]} {[%emt 00:01:17]} Bb7 {[%clk 01:28:38]} {[%emt 00:00:07]} 10.
Bd3 {[%clk 01:26:15]} {[%emt 00:02:38]} Nbd7 {[%clk 01:28:21]} {[%emt
00:00:27]} 11. h3 {[%clk 01:24:40]} {[%emt 00:01:46]} Rc8 {[%clk 01:28:17]}
{[%emt 00:00:14]} 12. Be3 {[%clk 01:21:54]} {[%emt 00:02:56]} a6 {[%clk
01:24:10]} {[%emt 00:04:18]} 13. Qb3 {[%clk 01:17:07]} {[%emt 00:04:57]} Rb8
{[%clk 01:20:06]} {[%emt 00:04:15]} 14. Rac1 {[%clk 01:11:00]} {[%emt
00:06:16]} e5 {[%clk 01:19:22]} {[%emt 00:00:53]} 15. dxe5 {[%clk 00:58:53]}
{[%emt 00:12:17]} dxe5 {[%clk 01:17:58]} {[%emt 00:01:35]} 16. Qa3 {[%clk
00:56:05]} {[%emt 00:02:59]} Re8 {[%clk 01:16:58]} {[%emt 00:01:09]} 17. Red1
{[%clk 00:55:37]} {[%emt 00:00:38]} Bf8 {[%clk 01:16:58]} {[%emt 00:00:08]} 18.
Qb3 {[%clk 00:54:13]} {[%emt 00:01:35]} Bc5 {[%clk 01:16:34]} {[%emt 00:00:35]}
19. Bg5 {[%clk 00:45:55]} {[%emt 00:08:28]} b5 {[%clk 01:11:57]} {[%emt
00:04:47]} 20. Bxf6 {[%clk 00:44:09]} {[%emt 00:01:55]} Qxf6 {[%clk 01:10:28]}
{[%emt 00:01:39]} 21. Bxb5 {[%clk 00:42:19]} {[%emt 00:02:01]} axb5 {[%clk
01:10:04]} {[%emt 00:00:35]} 22. Rxd7 {[%clk 00:41:58]} {[%emt 00:00:30]} Bc8
{[%clk 01:09:51]} {[%emt 00:00:24]} 23. Rd3 {[%clk 00:40:33]} {[%emt 00:01:33]}
Be6 {[%clk 01:09:00]} {[%emt 00:01:02]} 24. Nd5 {[%clk 00:39:55]} {[%emt
00:00:49]} Bxd5 {[%clk 01:08:08]} {[%emt 00:01:02]} 25. Rxd5 {[%clk 00:39:38]}
{[%emt 00:00:27]} Ba7 {[%clk 01:07:10]} {[%emt 00:01:08]} 26. Rxb5 {[%clk
00:38:17]} {[%emt 00:01:32]} Qf4 {[%clk 01:06:37]} {[%emt 00:00:42]} 27. Re1
{[%clk 00:37:30]} {[%emt 00:00:57]} Rxb5 {[%clk 01:04:13]} {[%emt 00:02:35]} 28.
Qxb5 {[%clk 00:37:21]} {[%emt 00:00:19]} Rb8 {[%clk 01:04:13]} {[%emt
00:00:09]} 29. Qa4 {[%clk 00:35:37]} {[%emt 00:01:54]} Ra8 {[%clk 01:01:45]}
{[%emt 00:02:38]} 30. Qc6 {[%clk 00:34:42]} {[%emt 00:01:05]} Rf8 {[%clk
00:53:03]} {[%emt 00:08:52]} 31. Qc7 {[%clk 00:34:23]} {[%emt 00:00:29]} Bb8
{[%clk 00:52:03]} {[%emt 00:01:10]} 32. Qc1 {[%clk 00:34:21]} {[%emt 00:00:11]}
Qxc1 {[%clk 00:51:24]} {[%emt 00:00:49]} 33. Rxc1 {[%clk 00:34:21]} {[%emt
00:00:01]} Kg7 {[%clk 00:49:59]} {[%emt 00:01:35]} 34. b4 {[%clk 00:34:21]}
{[%emt 00:00:09]} Kf6 {[%clk 00:49:54]} {[%emt 00:00:15]} 35. Rc6+ {[%clk
00:34:11]} {[%emt 00:00:21]} Ke7 {[%clk 00:49:47]} {[%emt 00:00:15]} 36. a4
{[%clk 00:33:19]} {[%emt 00:01:03]} Rd8 {[%clk 00:49:36]} {[%emt 00:00:22]} 37.
Rc1 {[%clk 00:33:04]} {[%emt 00:00:25]} f6 {[%clk 00:49:14]} {[%emt 00:00:31]}
38. a5 {[%clk 00:32:59]} {[%emt 00:00:16]} Bd6 {[%clk 00:49:12]} {[%emt
00:00:12]} 39. b5 {[%clk 00:32:47]} {[%emt 00:00:22]} Bb4 {[%clk 00:49:03]}
{[%emt 00:00:19]} 40. Ra1 {[%clk 00:31:30]} {[%emt 00:01:25]} Ra8 {[%clk
00:48:33]} {[%emt 00:00:42]} 41. a6 {[%clk 00:30:35]} {[%emt 00:01:04]} Bc5
{[%clk 00:48:33]} {[%emt 00:00:09]} 42. Rc1 {[%clk 00:30:13]} {[%emt 00:00:32]}
Bb6 {[%clk 00:47:21]} {[%emt 00:01:22]} 43. Rc6 {[%clk 00:30:12]} {[%emt
00:00:11]} Rb8 {[%clk 00:46:45]} {[%emt 00:00:46]} 44. Rxb6 {[%clk 00:30:03]}
{[%emt 00:00:19]} 1-0